[Event "CAN-ch U12"]
[Site "Kitchener"]
[Date "2006.07.12"]
[Round "6"]
[White "Sirithar, Bohishan"]
[Black "McArthur, Ricky"]
[Result "1-0"]
[WhiteElo "1201"]
[BlackElo "1240"]
[PlyCount "75"]
[EventDate "2006.07.10"]
[EventType "swiss"]
[EventRounds "7"]
[EventCountry "CAN"]
[SourceTitle "CBM 113 Extra"]
[Source "ChessBase"]
[SourceDate "2006.09.14"]
[SourceVersion "1"]
[SourceVersionDate "2006.09.14"]
[SourceQuality "1"]

1. e4 Nf6 2. Nc3 g6 3. Nf3 Bg7 4. d4 0-0 5. Bd3 d6 6. 0-0 Nbd7 7. h3 b6 8. Re1 e6 9. Bg5 h6 10. Bh4 Bb7 11. Qd2 Qe7 12. Bg3 Rad8 13. Nb5 c6 14. Bxd6 Qe8 15. Nc7 Nh5 16. Nxe8 Rfxe8 17. e5 c5 18. Nh2 cxd4 19. Ng4 f6 20. Bb5 a6 21. Bxd7 Rxd7 22. Qxd4 b5 23. Rad1 fxe5 24. Qb4 Bc6 25. Nxe5 Rb7 26. Nxc6 a5 27. Qxa5 Bxb2 28. Qd2 g5 29. c3 Bxc3 30. Qxc3 Rc8 31. Qf3 Rd7 32. Ne7+ Kh8 33. Nxc8 Rb7 34. Qxh5 Kh7 35. Rxe6 b4 36. Qxh6+ Kg8 37. Qf8+ Kh7 38. Rh6# 1-0